000 00783nam a2200253Ia 4500
003 OSt
005 20220918202609.0
006 a|||||r|||| 00| 0
007 ta
008 220917b |||||||| |||| 00| 0 eng d
024 _a102,441
037 _cTextual
040 _aARTS
_cARTS
_beng
041 _2eng
_aeng
082 _aV252:73.D300<--C799, M9
100 _aJoshi Maheshwar P
_9104519
245 0 _aMorphogenesis of Kunindas (cir 200 B C - cir A D 300)
_b A numism overview
260 _aAlmora
_bShree Almora Book Depot
_c1989
300 _axxi, 190p.
_ccm.
500 _aBibliography p146--168; Includes Index and maps
650 _aHISTORY
942 _hV252:73.D300<--C799, M9
_cTEXL
_2CC
999 _c225895
_d225895